000 00960nam a2200277 i 4500
001 bg
245 0 0 _aEdukacja, kultura, sport, społeczeństwo informacyjne /
_cUrząd Komitetu Integracji Europejskiej.
260 _aWarszawa :
_bUKIE,
_c2003.
490 1 _aO co pytamy najczęściej ;
_v8
504 _aBibliogr., wykaz aktów prawnych i źródeł internetowych.
610 2 9 _aUnia Europejska
_xa Polska
610 2 9 _aUnia Europejska
_xkultura
_xpolityka
650 9 _aSzkolnictwo
_xUnia Europejska
650 9 _aSport
_xUnia Europejska
650 9 _aSpołeczeństwo informacyjne
651 9 _aPolska
_xa Unia Europejska
710 0 _aUrząd Komitetu Integracji Europejskiej
830 _aO co pytamy najczęściej ;
020 _a8389218739 (całość)
040 _cBPK
041 0 _apol
080 _a37:008:796:316.324.8:004.7](438:4-67)
920 _a83-89218-73-9 (całość)
942 _cKS
008 s pl f |000 0 pol
999 _c43853
_d43853
856 _uhttp://koha.tu.koszalin.pl/cgi-bin/koha/opac-detail.pl?biblionumber=43853
_yKatalog online BPK